[Event "ch-ESP w 2013"]
[Site "Linares ESP"]
[Date "2013.08.19"]
[Round "1.1"]
[White "Alexandrova, Olga"]
[Black "Perera Borrego, Mariela"]
[Result "0-1"]
[WhiteTitle "IM"]
[WhiteElo "2431"]
[BlackElo "2062"]
[WhiteFideId "14102463"]
[BlackFideId "22238255"]
[EventDate "2013.08.19"]

1. d4 d6 2. Nf3 Nf6 3. c4 Nbd7 4. Nc3 e5 5. e4 Be7 6. Be2 O-O 7. O-O c6 8. Qc2
Re8 9. Rd1 Qc7 10. Rb1 a5 11. a3 Bf8 12. b4 axb4 13. axb4 exd4 14. Nxd4 Ne5 15.
Bg5 Be7 16. h3 Bd7 17. Nf5 Bxf5 18. exf5 Ra3 19. Bc1 Raa8 20. Be3 Ra3 21. Bd4
Bf8 22. Ra1 Rxa1 23. Rxa1 d5 24. c5 Ned7 25. Qd2 h6 26. g3 Qd8 27. Qb2 b6 28.
cxb6 Nxb6 29. Ra6 Nc4 30. Qb1 Ne4 31. Ra2 Ncd6 32. Nxe4 Nxe4 33. b5 c5 34. Ba1
Qb8 35. Qd3 d4 36. Bf3 Nd6 37. Bc6 Rd8 38. f6 Qb6 39. Ra6 Qc7 40. Qf3 Nc4 41.
Qg4 Ne5 42. Qe4 gxf6 43. Bd5 Qd7 44. Bc6 Qxh3 45. b6 d3 46. Bxe5 d2 0-1

[Event "ch-ESP w 2013"]
[Site "Linares ESP"]
[Date "2013.08.19"]
[Round "1.2"]
[White "Ruiz Font, Elisabet"]
[Black "Vega Gutierrez, Sabrina"]
[Result "0-1"]
[BlackTitle "IM"]
[WhiteElo "2059"]
[BlackElo "2402"]
[WhiteFideId "2200490"]
[BlackFideId "2219026"]
[EventDate "2013.08.19"]

1. e4 c5 2. Nf3 Nc6 3. d4 cxd4 4. Nxd4 Nf6 5. Nc3 e5 6. Ndb5 d6 7. Bg5 a6 8. Na3
b5 9. Nd5 Be7 10. Bxf6 Bxf6 11. c4 b4 12. Nc2 O-O 13. h4 Be6 14. g3 g6 15. Bg2
Bg7 16. Qd3 a5 17. O-O-O Nb8 18. h5 Nd7 19. hxg6 hxg6 20. Nce3 Nc5 21. Qe2 Ra7
22. Rh4 Qg5 23. Kb1 f5 24. exf5 gxf5 25. Rdh1 f4 26. Nc2 Bf5 27. Qd2 b3 28. axb3
Nxb3 29. Qe1 f3 30. Bh3 Nd2+ 31. Ka1 Bxc2 32. Be6+ Rff7 33. Rh5 Nb3+ 34. Ka2 Qd2
35. Qxd2 Nxd2 36. g4 Bb3+ 37. Ka1 Bxc4 38. g5 Kf8 39. Bxf7 Kxf7 40. Ne3 Bb3 41.
Rh7 Ke6 42. R1h6+ Bxh6 43. Rxa7 Bxg5 44. Ng4 Kf5 45. Nh2 Bf4 46. Rh7 e4 47. Rh5+
Kg6 48. Nxf3 0-1

[Event "ch-ESP w 2013"]
[Site "Linares ESP"]
[Date "2013.08.19"]
[Round "1.3"]
[White "Matnadze, Ana"]
[Black "Redondo Arguelles, Graciela"]
[Result "1/2-1/2"]
[WhiteTitle "IM"]
[BlackTitle "WFM"]
[WhiteElo "2390"]
[BlackElo "2008"]
[WhiteFideId "13601377"]
[BlackFideId "2219824"]
[EventDate "2013.08.19"]

1. d4 d6 2. Nf3 Nf6 3. g3 Nbd7 4. Bg2 e5 5. c4 Be7 6. Nc3 O-O 7. O-O c6 8. h3 e4
9. Ne1 d5 10. cxd5 cxd5 11. a4 Nb8 12. Nc2 Nc6 13. Rb1 Qb6 14. Bg5 Be6 15. e3
Rac8 16. Bxf6 Bxf6 17. f3 exf3 18. Qxf3 Ne7 19. g4 Rfd8 20. Qg3 Qc7 21. Qxc7
Rxc7 22. Rfc1 Rdc8 23. Rd1 Rd8 24. a5 Kf8 25. Ra1 a6 26. Nb4 Bg5 27. Re1 h5 28.
gxh5 Rc4 29. Nc2 Bf5 30. Rac1 Rdc8 31. Bf1 R4c7 32. Nb4 Be6 33. Ra1 Rd8 34. Ra3
Nf5 35. Nc2 Ng3 36. Bg2 Nxh5 37. Nb4 Nf6 38. Nd3 Bh4 39. Re2 Bf5 40. Nc5 Re7 41.
Rb3 Bc8 42. Nd3 Bg3 43. Nf2 Bc7 44. Ra3 Bd6 45. Ra1 Rde8 46. Nxd5 Nxd5 47. Bxd5
Rxe3 48. Rxe3 Rxe3 49. Bg2 Rb3 50. Rc1 Bf5 51. Be4 Be6 52. Rc2 Ke7 53. Bg2 Kd8
54. Ne4 Bf5 55. Rf2 Bxe4 56. Bxe4 f6 57. Rg2 g5 58. Rc2 Bc7 59. Rf2 Bf4 60. Rc2
Be3+ 61. Kf1 Rb4 62. Ke2 Bxd4 63. Bd5 Bxb2 64. Bc4 Be5 65. Kd3 Ra4 66. Be6 Rxa5
67. Ke4 Ke7 68. Bd5 Ra4+ 69. Kf5 Rf4+ 70. Kg6 b5 71. Rc6 Rd4 72. Bf3 Rd6 73.
Rc7+ Rd7 74. Rc6 Ra7 75. Kf5 a5 76. Re6+ Kf7 77. Rb6 b4 78. Bd5+ Kg7 79. h4 gxh4
80. Rc6 a4 81. Rc4 a3 82. Rg4+ Kh8 83. Rxh4+ Kg7 84. Rg4+ Kh8 85. Rh4+ Kg7 86.
Rg4+ Kh8 87. Rh4+ 1/2-1/2

[Event "ch-ESP w 2013"]
[Site "Linares ESP"]
[Date "2013.08.19"]
[Round "1.6"]
[White "Riera Morilla, Elizabeth"]
[Black "Hernandez Estevez, Yudania"]
[Result "0-1"]
[BlackTitle "WIM"]
[WhiteElo "1991"]
[BlackElo "2230"]
[WhiteFideId "2281813"]
[BlackFideId "2219344"]
[EventDate "2013.08.19"]

1. e4 e5 2. Nf3 Nf6 3. Bc4 Nxe4 4. Nc3 Nxc3 5. dxc3 Be7 6. Nxe5 O-O 7. Qh5 d5 8.
Nxf7 Rxf7 9. Bxd5 Qf8 10. Qxf7+ Qxf7 11. Bxf7+ Kxf7 12. Bf4 c6 13. O-O-O Be6 14.
a3 Nd7 15. Rhe1 Nf6 16. Bg5 Rd8 17. Rxd8 Bxd8 18. b3 Bc7 19. h3 Nd5 20. c4 Bf4+
21. Bxf4 Nxf4 22. g3 Nxh3 23. c5 Bf5 24. f4 Nf2 25. Re5 g6 26. Re2 Ng4 27. Rd2
Nf6 28. b4 Ke7 29. Re2+ Be6 30. Kb2 h5 31. Kc3 Nd5+ 32. Kd4 Kf6 33. c4 Ne7 34.
Rg2 Nf5+ 35. Kd3 Bxc4+ 36. Kc3 Bd5 37. Rg1 a6 38. g4 Ng7 39. gxh5 gxh5 40. a4 h4
41. Rd1 h3 42. b5 axb5 43. axb5 h2 44. Ra1 0-1

[Event "ch-ESP w 2013"]
[Site "Linares ESP"]
[Date "2013.08.19"]
[Round "2.1"]
[White "Vega Gutierrez, Sabrina"]
[Black "Vega Gutierrez, Belinda"]
[Result "1/2-1/2"]
[WhiteTitle "IM"]
[BlackTitle "WIM"]
[WhiteElo "2402"]
[BlackElo "2148"]
[WhiteFideId "2219026"]
[BlackFideId "2229994"]
[EventDate "2013.08.19"]

1. e4 e5 2. Nf3 Nc6 3. d4 exd4 4. Nxd4 Nf6 5. Nc3 Bb4 6. Nxc6 bxc6 7. Bd3 d5 8.
exd5 cxd5 9. O-O O-O 10. Bg5 c6 11. Qf3 h6 12. Bxf6 Qxf6 13. Qxf6 gxf6 14. Ne2
Bd6 15. Nd4 c5 16. Nf5 Bxf5 17. Bxf5 Rfe8 18. Rfe1 Kf8 19. Kf1 Rxe1+ 20. Rxe1
Re8 21. Rxe8+ Kxe8 22. Ke2 Ke7 23. g3 c4 24. a4 a5 25. h4 Bc5 26. h5 Bd4 27. c3
Bc5 28. Bc2 d4 29. cxd4 Bxd4 30. b3 cxb3 31. Bxb3 Bc5 32. f4 1/2-1/2

[Event "ch-ESP w 2013"]
[Site "Linares ESP"]
[Date "2013.08.19"]
[Round "2.2"]
[White "Collado Barbas, Laura"]
[Black "Aranaz Murillo, Amalia"]
[Result "1/2-1/2"]
[WhiteTitle "WFM"]
[BlackTitle "WIM"]
[WhiteElo "2151"]
[BlackElo "2246"]
[WhiteFideId "2294907"]
[BlackFideId "22200371"]
[EventDate "2013.08.19"]

1. d4 e6 2. c4 c5 3. d5 exd5 4. cxd5 d6 5. Nc3 a6 6. a4 Ne7 7. e4 Ng6 8. h3 Be7
9. Nf3 Nd7 10. Be2 O-O 11. O-O Bf6 12. Be3 Re8 13. Qc2 Qe7 14. Nd2 Bd4 15. Nd1
Bxe3 16. Nxe3 Nf4 17. Bg4 Ne5 18. Bxc8 Raxc8 19. Kh2 b5 20. g3 Ne2 21. Nf5 Qf6
22. f4 Nd7 23. axb5 axb5 24. Nb3 Nd4 25. Nfxd4 cxd4 26. Qd3 Rc4 27. Ra5 Nc5 28.
Nxc5 Rxc5 29. Re1 g5 30. Qd2 d3 31. Qxd3 gxf4 32. gxf4 Qxf4+ 33. Qg3+ Qxg3+ 34.
Kxg3 f5 35. Kf4 fxe4 36. Rxe4 Rf8+ 37. Ke3 Rxd5 38. Rg4+ Kh8 39. Rh4 Re8+ 40.
Kf3 h5 41. Ra7 Rf5+ 42. Kg3 Rg8+ 43. Kh2 Rfg5 44. Ra1 Re8 45. Rd4 Re6 46. Ra6
Re2+ 47. Kh1 Re1+ 48. Kh2 Reg1 49. Rd2 d5 50. Rb6 d4 1/2-1/2

[Event "ch-ESP w 2013"]
[Site "Linares ESP"]
[Date "2013.08.19"]
[Round "2.4"]
[White "Alfonso Nogue, Beatriz"]
[Black "Garcia Vicente, Nieves"]
[Result "1/2-1/2"]
[WhiteTitle "WFM"]
[BlackTitle "WIM"]
[WhiteElo "2085"]
[BlackElo "2227"]
[WhiteFideId "2256231"]
[BlackFideId "2201542"]
[EventDate "2013.08.19"]

1. d4 Nf6 2. c4 e6 3. Nf3 d5 4. Bg5 Bb4+ 5. Nbd2 dxc4 6. e4 Bxd2+ 7. Qxd2 Nxe4
8. Bxd8 Nxd2 9. Bxc7 Nxf3+ 10. gxf3 Nc6 11. Bxc4 Nxd4 12. O-O-O Nc6 13. Bd6 Bd7
14. Kb1 Ne7 15. Rhe1 Nf5 16. Bb4 O-O-O 17. Bd3 Bc6 18. Bxf5 Rxd1+ 19. Rxd1 exf5
20. f4 Rd8 21. Rxd8+ Kxd8 22. Bf8 g6 23. Kc2 Kd7 24. Bc5 a6 25. Bd4 Ke6 26. Kd3
Bb5+ 27. Ke3 f6 28. h4 h6 29. Bb6 g5 30. fxg5 fxg5 31. hxg5 hxg5 32. Bd8 f4+ 33.
Kf3 Kf5 34. Kg2 Bc6+ 35. Kh2 g4 36. Bc7 Ke4 37. Kg2 Kf5+ 38. Kh2 Bf3 39. Kg1 Ke4
40. Bb8 Be2 41. Kg2 b5 42. a3 Bc4 43. Bc7 Bd5 44. Bb8 Kd3+ 45. Kh2 Ke2 46. Bxf4
Kxf2 47. Bg3+ Kf3 48. Be5 Ke4 49. Bc7 Kf3 1/2-1/2

[Event "ch-ESP w 2013"]
[Site "Linares ESP"]
[Date "2013.08.19"]
[Round "2.5"]
[White "Calzetta Ruiz, Monica"]
[Black "Acebal Muniz, Maria Concepcion"]
[Result "1-0"]
[WhiteTitle "WGM"]
[WhiteElo "2221"]
[BlackElo "1292"]
[WhiteFideId "2204185"]
[BlackFideId "2240491"]
[EventDate "2013.08.19"]

1. e4 e5 2. Nf3 Nc6 3. Bb5 a6 4. Ba4 Nf6 5. d3 b5 6. Bb3 d6 7. c3 Bg4 8. h3 Bh5
9. a4 Be7 10. g4 Bg6 11. g5 Nh5 12. Bd5 Kd7 13. Nh4 f6 14. Qg4+ f5 15. exf5 Rb8
16. fxg6+ Ke8 17. Bxc6+ Kf8 18. Qe6 Bxg5 19. Qf7# 1-0

[Event "ch-ESP w 2013"]
[Site "Linares ESP"]
[Date "2013.08.19"]
[Round "2.6"]
[White "Perera Borrego, Mariela"]
[Black "Guadamuro Torrente, Anabel"]
[Result "1-0"]
[BlackTitle "WFM"]
[WhiteElo "2062"]
[BlackElo "2195"]
[WhiteFideId "22238255"]
[BlackFideId "2266296"]
[EventDate "2013.08.19"]

1. d4 f5 2. Nf3 e6 3. g3 Nf6 4. Bg2 Be7 5. c4 d6 6. O-O O-O 7. Nc3 Ne4 8. Qc2 d5
9. Bf4 c6 10. Rad1 Nd7 11. a3 Ndf6 12. b4 Bd7 13. Ne5 Be8 14. f3 Nxc3 15. Qxc3
Nh5 16. Bc1 a5 17. e4 Nf6 18. Rfe1 fxe4 19. fxe4 axb4 20. axb4 Bh5 21. exd5 exd5
22. Rd2 Qd6 23. Rb2 Ra1 24. c5 Qc7 25. b5 cxb5 26. Rxb5 Ra7 27. Bf4 Qc8 28. Qb3
Rd8 29. Bg5 Be8 30. Bxf6 gxf6 31. Bxd5+ Kg7 32. Rxb7 Rxb7 33. Bxb7 Qc7 34. Ng4
Rxd4 35. Qe3 Rxg4 36. Qxe7+ Qxe7 37. Rxe7+ Kf8 38. Rxh7 Bf7 39. Rh8+ Ke7 40. Ra8
Rc4 41. Ra5 Rc1+ 42. Kf2 Rc2+ 43. Ke3 Rxh2 44. Be4 Rh8 45. Bf5 Rb8 46. Ra7+ Ke8
47. c6 Rb3+ 48. Kd4 Rb4+ 49. Kc5 Rc4+ 50. Kb5 1-0

[Event "ch-ESP w 2013"]
[Site "Linares ESP"]
[Date "2013.08.20"]
[Round "3.2"]
[White "Matnadze, Ana"]
[Black "Perera Borrego, Mariela"]
[Result "1-0"]
[WhiteTitle "IM"]
[WhiteElo "2390"]
[BlackElo "2062"]
[WhiteFideId "13601377"]
[BlackFideId "22238255"]
[EventDate "2013.08.19"]

1. d4 d6 2. Nf3 Nf6 3. g3 Nbd7 4. Bg2 e5 5. c4 Be7 6. Nc3 O-O 7. O-O c6 8. e4 a5
9. h3 Re8 10. Re1 Qc7 11. Be3 exd4 12. Nxd4 Nc5 13. Qc2 h6 14. Rad1 Bf8 15. f4
Bd7 16. Bf2 Rad8 17. Nb3 Na6 18. Bd4 Be6 19. Bf1 Be7 20. Qf2 c5 21. Nb5 Qb8 22.
Bc3 a4 23. Nc1 Nc7 24. e5 Nh7 25. Nxd6 Bxd6 26. exd6 Na6 27. f5 Bd7 28. Rxe8+
Rxe8 29. h4 Qd8 30. Bg2 b6 31. Nd3 Nf6 32. Qf4 a3 33. bxa3 Ba4 34. Rd2 Nb8 35.
g4 Bc6 36. Bxc6 Nxc6 37. Nf2 Re1+ 38. Kg2 Nd7 39. g5 h5 40. Rd5 Re2 41. Rd2 Re1
42. Rd3 Re8 43. Re3 Rf8 44. Qe4 Qa8 45. Qd5 Na5 46. Qxa8 Rxa8 47. Re7 Nf8 48.
Bxa5 bxa5 49. Ne4 Rd8 50. Nxc5 Rxd6 51. Re8 Rd4 52. Kf3 Rd1 53. Ra8 Rd2 54. Ke3
Rd1 55. Nd3 Rh1 56. Ne5 Re1+ 57. Kd4 Rd1+ 58. Ke4 Rd2 59. c5 Re2+ 60. Kd5 Rd2+
61. Kc6 g6 62. f6 1-0

[Event "ch-ESP w 2013"]
[Site "Linares ESP"]
[Date "2013.08.20"]
[Round "3.3"]
[White "Garcia Vicente, Nieves"]
[Black "Vega Gutierrez, Sabrina"]
[Result "0-1"]
[WhiteTitle "WIM"]
[BlackTitle "IM"]
[WhiteElo "2227"]
[BlackElo "2402"]
[WhiteFideId "2201542"]
[BlackFideId "2219026"]
[EventDate "2013.08.19"]

1. d4 d5 2. c4 dxc4 3. Nf3 Nf6 4. e3 Bg4 5. Bxc4 e6 6. h3 Bh5 7. Nc3 Nbd7 8. Be2
Bb4 9. a3 Bxc3+ 10. bxc3 c5 11. O-O O-O 12. Rb1 Qc7 13. Qb3 Rab8 14. Bb2 e5 15.
Rfe1 e4 16. Nd2 Bxe2 17. Rxe2 Rfe8 18. c4 Re6 19. Rc1 Ne8 20. d5 Re7 21. Qc2 Nd6
22. Rce1 Rbe8 23. Qc3 Ne5 24. Ba1 Qd7 25. Kh1 Qa4 26. f4 exf3 27. gxf3 Rf8 28.
Rg2 Qe8 29. f4 Ng6 30. Nf3 Ne4 31. Qc2 Nd6 32. Ne5 Ne4 33. Reg1 Kh8 34. Rh2 Nd6
35. Rgg2 0-1

[Event "ch-ESP w 2013"]
[Site "Linares ESP"]
[Date "2013.08.20"]
[Round "3.4"]
[White "Vega Gutierrez, Belinda"]
[Black "Nicolas Zapata, Irene"]
[Result "1-0"]
[WhiteTitle "WIM"]
[BlackTitle "WIM"]
[WhiteElo "2148"]
[BlackElo "2253"]
[WhiteFideId "2229994"]
[BlackFideId "22247270"]
[EventDate "2013.08.19"]

1. e4 c5 2. Ne2 d6 3. g3 Nf6 4. Bg2 g6 5. c3 Nc6 6. d4 cxd4 7. cxd4 Bg7 8. Nbc3
O-O 9. O-O e5 10. d5 Nb8 11. h3 Nfd7 12. Be3 f5 13. Qd2 Nf6 14. exf5 gxf5 15.
Rfc1 Na6 16. Nb5 Ne4 17. Qc2 Bd7 18. a4 Nb4 19. Qc4 a5 20. Nec3 Rc8 21. Qe2 Qe7
22. Nxe4 fxe4 23. Bxe4 h6 24. Rxc8 Rxc8 25. Kg2 Be8 26. Bxh6 Rc5 27. Be3 Rc8 28.
Qg4 Bd7 29. Qg6 Rd8 30. Bg5 1-0

[Event "ch-ESP w 2013"]
[Site "Linares ESP"]
[Date "2013.08.20"]
[Round "3.5"]
[White "Aranaz Murillo, Amalia"]
[Black "Alfonso Nogue, Beatriz"]
[Result "1-0"]
[WhiteTitle "WIM"]
[BlackTitle "WFM"]
[WhiteElo "2246"]
[BlackElo "2085"]
[WhiteFideId "22200371"]
[BlackFideId "2256231"]
[EventDate "2013.08.19"]

1. Nf3 f5 2. c4 Nf6 3. g3 e6 4. Bg2 d6 5. d4 Be7 6. O-O O-O 7. Nc3 Qe8 8. b3 Ne4
9. Nxe4 fxe4 10. Nd2 d5 11. f3 Bf6 12. Bb2 e3 13. Nb1 c5 14. Bc3 Nc6 15. dxc5 d4
16. Bb2 Qh5 17. Na3 Rd8 18. Nb5 Qxc5 19. Ba3 Nb4 20. Qe1 a5 21. Rc1 Bd7 22. f4
Rab8 23. g4 Bc6 24. g5 Be7 25. Bh3 Bd7 26. Qg3 Ra8 27. Rcd1 Bc8 28. Kh1 Qb6 29.
Bb2 Bc5 30. a3 Na6 31. Qh4 d3 32. Bg4 d2 33. Bf3 g6 34. Be4 Bf8 35. Rf3 Rd7 36.
Rh3 Re7 37. Bd4 Qd8 38. Rxe3 Bg7 39. Rd3 Rd7 40. R1xd2 Bxd4 41. Rxd4 Nc5 42. Bc2
b6 43. Qf2 Bb7+ 44. Kg1 Qe7 45. Rxd7 Nxd7 46. Qd4 Nc5 47. Qd6 Qf7 48. e3 Be4 49.
Qxb6 Bxc2 50. Rxc2 Qf5 51. Qc6 Rd8 52. Nd4 Qg4+ 53. Qg2 Qd1+ 54. Qf1 Rxd4 55.
exd4 Qxc2 56. dxc5 Qxb3 57. Qc1 Qf3 58. Qd2 Qg4+ 59. Kf2 Qh4+ 60. Ke3 Qh3+ 61.
Ke4 Qf5+ 62. Kd4 Kf7 63. c6 Ke7 64. Qe3 Qb1 65. Kc5 Qb8 66. Qe5 Qa7+ 67. Kb5 1-0

[Event "ch-ESP w 2013"]
[Site "Linares ESP"]
[Date "2013.08.20"]
[Round "3.6"]
[White "Alexandrova, Olga"]
[Black "Collado Barbas, Laura"]
[Result "1-0"]
[WhiteTitle "IM"]
[BlackTitle "WFM"]
[WhiteElo "2431"]
[BlackElo "2151"]
[WhiteFideId "14102463"]
[BlackFideId "2294907"]
[EventDate "2013.08.19"]

1. Nf3 e6 2. c4 f5 3. e3 Nf6 4. Be2 Be7 5. O-O O-O 6. b3 d5 7. d4 c6 8. Ba3 Nbd7
9. Qc1 Ne4 10. Bxe7 Qxe7 11. Qb2 b6 12. b4 Bb7 13. Nbd2 Kh8 14. Rfc1 Rac8 15. a4
Qf6 16. a5 f4 17. exf4 Qxf4 18. axb6 axb6 19. Ra7 Rb8 20. Rf1 Nxd2 21. Qxd2 Qxd2
22. Nxd2 Nf6 23. Nf3 Kg8 24. Ne5 Rfd8 25. c5 b5 26. Bg4 Nxg4 27. Nxg4 Rd7 28.
Ne5 Rc7 29. Rfa1 Rbc8 30. Kf1 Kf8 31. Ke2 Kg8 32. R1a3 Kf8 33. Rf3+ Kg8 34. Re3
Kf8 35. Nf3 h6 36. Rxe6 Re8 37. Rxe8+ Kxe8 38. Ne5 Re7 39. f4 Kd8 40. Kf3 Kc7
41. f5 Kd8 42. g4 Kc7 43. h4 Kd8 44. g5 hxg5 45. hxg5 Kc7 46. Kf4 Re8 47. Nf7
Re4+ 48. Kf3 Kb8 49. Rxb7+ 1-0

[Event "ch-ESP w 2013"]
[Site "Linares ESP"]
[Date "2013.08.21"]
[Round "4.2"]
[White "Vega Gutierrez, Sabrina"]
[Black "Matnadze, Ana"]
[Result "0-1"]
[WhiteTitle "IM"]
[BlackTitle "IM"]
[WhiteElo "2402"]
[BlackElo "2390"]
[WhiteFideId "2219026"]
[BlackFideId "13601377"]
[EventDate "2013.08.19"]

1. d4 Nf6 2. c4 e6 3. g3 d5 4. Bg2 g6 5. Nf3 Bg7 6. O-O O-O 7. Nc3 Na6 8. Ne5 c5
9. dxc5 Nxc5 10. Be3 Nce4 11. Bd4 Qa5 12. Nxe4 Nxe4 13. Nf3 dxc4 14. Bxg7 Kxg7
15. Qd4+ Nf6 16. Rfd1 c3 17. b4 Qc7 18. Ne5 c2 19. Rdc1 Rd8 20. Qb2 Rd2 21. e3
Qd6 22. Bf3 Qc7 23. Kf1 a5 24. Ke1 Qd8 25. Nc4 Rd5 26. bxa5 Rf5 27. Be4 Rc5 28.
Rxc2 e5 29. Nb6 Raxa5 30. Rxc5 Rxc5 31. Nxc8 Nxe4 32. Nb6 Rb5 33. Qc2 Nxf2 34.
Kxf2 Qxb6 35. Qe4 Rb2+ 36. Kg1 Qc5 37. Rf1 Rxa2 38. Qf3 f5 39. Qxb7+ Kh6 40. Qb3
Ra3 41. Qf7 Qxe3+ 42. Kh1 Qe4+ 43. Kg1 Qd4+ 44. Kh1 Ra1 45. Rxa1 Qxa1+ 46. Kg2
Qb2+ 47. Kh3 Qe2 48. Qe7 Qf1+ 49. Kh4 Qc4+ 50. Kh3 Qg4+ 51. Kg2 Qe4+ 52. Kg1
Qe3+ 53. Kg2 Qe2+ 54. Kg1 e4 55. Qh4+ Qh5 56. Qe7 Qd1+ 57. Kg2 Qe2+ 58. Kg1 Qd1+
59. Kg2 Qf3+ 60. Kg1 e3 61. Qh4+ Kg7 62. Qe7+ Kh6 63. Qh4+ Qh5 64. Qf4+ Qg5 65.
Qf3 f4 66. Kf1 fxg3 67. hxg3 Qf5 68. Qxf5 gxf5 69. Ke2 Kg5 70. Kxe3 Kg4 71. Kf2
Kh3 72. Kf3 h5 73. Kf2 Kh2 74. Kf3 Kg1 75. Ke3 Kg2 76. Kf4 Kf2 77. Ke5 0-1

[Event "ch-ESP w 2013"]
[Site "Linares ESP"]
[Date "2013.08.21"]
[Round "4.3"]
[White "Hernandez Estevez, Yudania"]
[Black "Vega Gutierrez, Belinda"]
[Result "1-0"]
[WhiteTitle "WIM"]
[BlackTitle "WIM"]
[WhiteElo "2230"]
[BlackElo "2148"]
[WhiteFideId "2219344"]
[BlackFideId "2229994"]
[EventDate "2013.08.19"]

1. e4 e5 2. Nf3 Nc6 3. Bb5 a6 4. Ba4 Nf6 5. d3 b5 6. Bb3 Bc5 7. O-O d6 8. Be3
O-O 9. a4 Bg4 10. c3 b4 11. a5 bxc3 12. bxc3 Bxe3 13. fxe3 d5 14. Nbd2 Rb8 15.
Qc2 dxe4 16. Nxe4 Nxe4 17. dxe4 Qe7 18. Bd5 Bd7 19. Qd3 Rb5 20. Qc4 Qc5 21. Ng5
Nd8 22. Nxf7 Nxf7 23. Bxf7+ Kh8 24. Qxc5 Rxc5 25. Rad1 Bc6 26. Bd5 Rxf1+ 27.
Kxf1 g6 28. c4 Kg7 29. Ke2 Bxd5 30. cxd5 Kf6 31. d6 cxd6 32. Rxd6+ Kg5 33. Rxa6
Rb5 34. Kf3 h5 35. h4+ Kh6 36. Ra8 Kg7 37. a6 Ra5 38. g4 hxg4+ 39. Kxg4 Ra2 40.
h5 Rg2+ 41. Kf3 Ra2 42. hxg6 Kxg6 43. a7 Kh7 44. Kg4 Kg7 45. Kg5 Ra3 46. Kf5 Ra5
47. Ke6 Kh7 48. Rd8 Ra6+ 49. Rd6 Rxa7 50. Rd7+ Rxd7 51. Kxd7 Kg7 52. Ke6 1-0

[Event "ch-ESP w 2013"]
[Site "Linares ESP"]
[Date "2013.08.21"]
[Round "4.4"]
[White "Ruiz Font, Elisabet"]
[Black "Alexandrova, Olga"]
[Result "0-1"]
[BlackTitle "IM"]
[WhiteElo "2059"]
[BlackElo "2431"]
[WhiteFideId "2200490"]
[BlackFideId "14102463"]
[EventDate "2013.08.19"]

1. e4 c6 2. d4 d5 3. e5 c5 4. dxc5 Nc6 5. Bb5 e6 6. Nf3 Bxc5 7. O-O Ne7 8. c3
Ng6 9. Qe2 O-O 10. Bg5 Qc7 11. Re1 Qb6 12. Bxc6 bxc6 13. b4 Be7 14. Bxe7 Nxe7
15. Nbd2 c5 16. a3 Ba6 17. Qd1 Rfd8 18. Nb3 cxb4 19. axb4 Bc4 20. Nfd4 Bxb3 21.
Qxb3 Nc6 22. Nxc6 Qxc6 23. Ra5 Rdc8 24. Rc5 Qb6 25. Rxc8+ Rxc8 26. h3 Qc6 27.
Ra1 Qc7 28. f4 Qb6+ 29. Kh1 Qe3 30. Qa4 Qxc3 31. Qxa7 Qxb4 32. Qd7 Rf8 33. Rf1
Qe4 34. Rf3 g6 35. h4 Qe1+ 36. Kh2 Qxh4+ 37. Kg1 Qe1+ 38. Kh2 Qh4+ 39. Kg1 Ra8
40. Rf1 Qg3 41. Qe7 h5 0-1

[Event "ch-ESP w 2013"]
[Site "Linares ESP"]
[Date "2013.08.21"]
[Round "4.5"]
[White "Redondo Arguelles, Graciela"]
[Black "Guadamuro Torrente, Anabel"]
[Result "0-1"]
[WhiteTitle "WFM"]
[BlackTitle "WFM"]
[WhiteElo "2008"]
[BlackElo "2195"]
[WhiteFideId "2219824"]
[BlackFideId "2266296"]
[EventDate "2013.08.19"]

1. e4 e5 2. Nf3 Nc6 3. Bb5 Nd4 4. Nxd4 exd4 5. O-O c6 6. Be2 Bc5 7. d3 Ne7 8.
Bf4 d5 9. Nd2 O-O 10. Nb3 Bb6 11. Qd2 Ng6 12. Bg3 dxe4 13. dxe4 Re8 14. Bf3 Be6
15. Qb4 a5 16. Qa3 Nh4 17. Be2 Ng6 18. Nd2 Ba7 19. Rad1 b5 20. Qd6 Qb6 21. Nf3
Red8 22. Qa3 h6 23. c3 b4 24. Qa4 dxc3 25. bxc3 Rxd1 26. Rxd1 Nf4 27. Bf1 Nh5
28. Nd4 Nxg3 29. hxg3 bxc3 30. Nxe6 Qxf2+ 31. Kh2 fxe6 32. Qxc6 Qg1+ 33. Kh3
Qh1+ 34. Kg4 Rf8 35. Qxe6+ Kh7 36. Qd5 Rxf1 37. Rd3 c2 38. e5 h5+ 39. Kg5 c1=Q+ 0-1

[Event "ch-ESP w 2013"]
[Site "Linares ESP"]
[Date "2013.08.21"]
[Round "4.6"]
[White "Perera Borrego, Mariela"]
[Black "Fidalgo Fernandez, Lucia"]
[Result "1-0"]
[BlackTitle "WFM"]
[WhiteElo "2062"]
[BlackElo "2137"]
[WhiteFideId "22238255"]
[BlackFideId "2263840"]
[EventDate "2013.08.19"]

1. d4 Nf6 2. Nf3 e6 3. g3 c5 4. c3 cxd4 5. cxd4 d5 6. Bg2 Nc6 7. O-O Bd6 8. Nc3
O-O 9. Bg5 h6 10. Bxf6 gxf6 11. e4 dxe4 12. Nxe4 Be7 13. Nc3 Na5 14. Qc1 Kg7 15.
Rd1 Nc4 16. b3 Nd6 17. Qf4 Qa5 18. Rac1 Bd7 19. d5 Rfc8 20. dxe6 Bxe6 21. Qa4
Qxa4 22. Nxa4 Rxc1 23. Rxc1 Bd5 24. Rc7 Kf8 25. Nd4 Bxg2 26. Kxg2 Rd8 27. Nc5 b6
28. Nce6+ fxe6 29. Nxe6+ Ke8 30. Nxd8 Nb5 31. Ne6 Nxc7 32. Nxc7+ Kd7 33. Nd5 Bd8
34. Kf3 Kd6 35. Ke4 Kc5 36. g4 b5 37. a3 a5 38. Nf4 Bb6 39. Nd3+ Kd6 40. f4 Ke6
41. h4 a4 42. b4 Bg1 43. Nb2 Bf2 44. Nd1 Be1 45. h5 Bd2 46. Kd4 Bc1 47. Kc5 Bxa3
48. Kxb5 Bc1 49. Kxa4 Bxf4 50. Kb5 Bd2 51. Kc5 Ke5 52. b5 Kf4 53. b6 Kf3 54. b7
Bf4 55. Nc3 Kxg4 56. Ne4 Bb8 57. Nxf6+ Kg5 58. Nd7 Bf4 59. Kd5 Bc7 60. Nc5 Kxh5
61. Na6 Bf4 62. Kc6 1-0

[Event "ch-ESP w 2013"]
[Site "Linares ESP"]
[Date "2013.08.21"]
[Round "5.1"]
[White "Matnadze, Ana"]
[Black "Calzetta Ruiz, Monica"]
[Result "1-0"]
[WhiteTitle "IM"]
[BlackTitle "WGM"]
[WhiteElo "2390"]
[BlackElo "2221"]
[WhiteFideId "13601377"]
[BlackFideId "2204185"]
[EventDate "2013.08.19"]

1. d4 Nf6 2. g3 g6 3. Bg2 Bg7 4. Nf3 O-O 5. O-O d6 6. c4 c6 7. Nc3 Bf5 8. Qb3
Qc8 9. Re1 Na6 10. e4 Bg4 11. Be3 Re8 12. a3 h6 13. Rac1 e5 14. d5 c5 15. Nd2
Nc7 16. Nb5 Nxb5 17. cxb5 Bh3 18. f3 Bxg2 19. Kxg2 Kh7 20. Nc4 Qd7 21. b6 a6 22.
Qd3 h5 23. h4 Bh6 24. Bxh6 Kxh6 25. b4 cxb4 26. Qd2+ Kg7 27. Qxb4 Red8 28. Rc3
Ne8 29. Rec1 Rac8 30. a4 Kg8 31. Nb2 Rxc3 32. Qxc3 f5 33. exf5 Qxf5 34. Qd3 Kf8
35. a5 Ke7 36. Qxf5 gxf5 37. Nd1 Kd7 38. Ne3 f4 39. Nf5 Rc8 40. Rxc8 Kxc8 41. g4
hxg4 42. fxg4 Nf6 43. Nxd6+ Kd7 44. Nxb7 Nxg4 45. Nc5+ 1-0